Cod 4,5, MW2, Black Ops gun quiz Stats

 Plays Quiz not verified by Sporcle

Support Sporcle.
Go Orange.
Score 0/123 Timer 11:00
0 Plays Today
every single gun % Correct
Cod4AK-47
78.3%
Cod: MW2AK-47
78.3%
Cod: Black OpsAK-47
78.3%
Cod: Black OpsM16
75.5%
Cod4MP5
66.7%
Cod: WaWBAR
66.3%
Cod4AK-74u
63.3%
Cod: Black OpsAK74u
63.3%
Cod4M14
54.5%
Cod: Black OpsM14
54.5%
Cod4Desert Eagle
52.2%
Cod: MW2Desert Eagle
52.2%
Cod: MW2M4A1
52%
Cod: MW2Famas
51.5%
Cod: Black OpsFamas
51.5%
Cod4M9
50.6%
Cod: MW2M9
50.6%
Cod: MW2Intervention
50.1%
Cod4P90
48.7%
Cod: MW2P90
48.7%
Cod: MW2MP5K
46.7%
Cod: Black OpsMP5K
46.7%
Cod4RPD
44.8%
Cod: MW2RPD
44.8%
Cod4M21
44.1%
Cod: MW2WA2000
43.2%
Cod: Black OpsWA2000
43.2%
Cod4Dragunov
42.5%
Cod: Black OpsDragunov
42.5%
Cod4USP.45
42.3%
Cod: MW2USP .45
42.3%
Cod: Black OpsSPAS
42.3%
Cod4M16A4
41.8%
Cod: MW2M16A4
41.8%
Cod4G3
41.6%
Cod4Mini-Uzi
41.6%
Cod: MW2Mini-Uzi
41.6%
Cod: WaWM1911
40.2%
Cod: Black OpsM1911
40.2%
Cod: MW2Barrett .50cal
39.7%
Cod4M4 Carbine
39.5%
every single gun % Correct
Cod: MW2Scar-h
39.5%
Cod: Black OpsM60
39.5%
Cod: MW2UMP45
38.8%
Cod: MW2FAL
38.6%
Cod: MW2ACR
38.3%
Cod4G36C
37%
Cod: Black OpsCommando
36.5%
Cod: Black OpsAUG
36%
Cod4Skorpion
35.1%
Cod: Black OpsSkorpion
35.1%
Cod4M1014
33%
Cod: MW2M1014
33%
Cod: Black OpsGalil
32.6%
Cod4M40A3
32.3%
Cod: Black OpsUzi
30.5%
Cod4R700
30.3%
Cod: Black OpsG11
29.6%
Cod: MW2Tar-21
28.4%
Cod: MW2F2000
28.2%
Cod4MP44
27.3%
Cod: MW2MG4
27.3%
Cod: MW2SPAS-12
26.8%
Cod: MW2AA-12
26.6%
Cod: MW2Model 1887
25.9%
Cod: MW2.44 Magnum
25.4%
Cod: MW2Striker
24.9%
Cod: Black OpsEnfield
24.7%
Cod: MW2G18
24.2%
Cod: MW2M21 EBR
24%
Cod: MW2Vector
23.8%
Cod: Black OpsPython
23.6%
Cod: Black OpsRPK
22.9%
Cod: WaWM1 Garand
22.6%
Cod: MW2Ranger
22.2%
Cod4Barret .50cal
21.9%
Cod: Black OpsFN FAL
21.7%
Cod: Black OpsOlympia
20.6%
Cod: MW2Aug Hbar
19.9%
Cod: MW2PP2000
18.5%
Cod4W1200
18.2%
Cod: Black OpsSpectre
18.2%
every single gun % Correct
Cod4M249 SAW
17.8%
Cod: WaWType 100
17.8%
Cod: MW2M240
17.6%
Cod4M60E4
17.1%
Cod: WaWKar 98k
16.9%
Cod: Black OpsPSG1
16.9%
Cod: MW2M93 Raffica
16.2%
Cod: MW2TMP
16.2%
Cod: WaWType 99
15.5%
Cod: WaWMG-42
15.2%
Cod: WaWArisaka
15.2%
Cod: Black OpsMPL
14.3%
Cod: MW2L86 LSW
14.1%
Cod: Black OpsHK21
12.7%
Cod: Black OpsKiparis
12.2%
Cod: Black OpsCZ75
12.2%
Cod: Black OpsASP
12%
Cod: MW2Riot Shield
11.8%
Cod: Black OpsPM63
11.3%
Cod: WaWM1A1 Carbine
11.1%
Cod: Black OpsHS-10
10.6%
Cod: Black OpsCrossbow
8.8%
Cod: WaW.357 Magnum
8.5%
Cod4M1911 .45
7.4%
Cod: Black OpsMAC-10
6.9%
Cod4Golden Desert Eagle
6.5%
Cod: WaWPPSH-1
4.4%
Cod: Black OpsMakerov
4.2%
Cod: WaWM1903 Springfield
3.7%
Cod: WaWWalther P38
3.7%
Cod: WaWTT-33
3.5%
Cod: Black OpsL96AW
3.5%
Cod: WaWM1A1 Thompson
2.8%
Cod: Black OpsIthaca
2.3%
Cod: WaWMoisn Nagant
1.6%
Cod: WaWNambu 14
1.6%
Cod: WaWTrench Shotgun
0.7%
Cod: WaWM9 Bazooka
0.5%
Cod: WaWBrowning M1919A6
0.5%
Cod: Black OpsKS-23
0.5%
Cod: WaWM2 Flamthrower
0%

You're not logged in!

Compare scores with friends on all Sporcle quizzes.
OR
Log In

From the Vault

Biblical Names in Literature

by khands

If you don't know the names, maybe you'll want to bite into one of those knowledge apples.
Remove Ads.
Support Sporcle.
Get the best of Sporcle when you Go Orange. This ad-free experience offers more features, more stats, and more fun while also helping to support Sporcle. Thank you for becoming a member.

Show Comments

Extras

Created Mar 16, 2011ReportNominate
Tags:black, Call of Duty 4, cod, gun, MW2, OPS, Single

Top Quizzes Today


Score Distribution

Your Account Isn't Verified!

In order to create a playlist on Sporcle, you need to verify the email address you used during registration. Go to your Sporcle Settings to finish the process.

Report this User

Report this user for behavior that violates our Community Guidelines.

Details: